Guess the rapper by song - Statistics

General Stats
  • This quiz has been taken 44 times
  • The average score is 11 of 25
Answer Stats
Hint Answer % Correct
Mask off Future
85%
Anaconda Nicki Minaj
77%
Martin and Gina Polo G
72%
ZEZE Kodak Black
69%
Praise the lord ASAP Rocky
62%
No bystanders Travis Scott
62%
Blame it on baby DaBaby
59%
Calling my phone Lil Tjay
59%
Find your love Drake
54%
21 questions 50 Cent
49%
Duckworth Kendrick Lamar
49%
Versace Migos
49%
New magic wand Tyler the creator
49%
Outside today NBA Youngboy
44%
44 bulldog Pop Smoke
44%
Keep my spirit alive Kanye West
41%
Live off my closet Lil Baby
36%
Land of the snakes J Cole
33%
Marcy me Jay-Z
31%
Rhyme or reason Eminem
28%
Early 20 rager Lil Uzi Vert
26%
Death ain't easy Lil Durk
18%
Perfect strangers Lil Wayne
18%
Sixx minutes Snoop Dogg
15%
Drinking lean is amazing Young Thug
15%
No matching quizzes found
Score Distribution
Percent of People with Each Score
Percentile by Number Answered
Your Score History
You have not taken this quiz